000 01345nam a2200337 i 4500
001 27729
003 BD-RjUL
005 20211209051208.0
008 140327s1978 nyua j b 001 0deng
020 _a0379161591 :
035 _a(BD-RjUL)27808
040 _aDLC
_cDLC
_dDLC
_dBD-RjUL
_beng
041 _aeng
082 0 0 _a978.400202
_bCHR 1978
245 0 0 _aChronology and documentary handbook of the State of North Dakota /
_cRobert I. Vexler, State editor.
260 _aDobbs Ferry, N.Y. :
_bOceana Publications,
_cc1978.
300 _ax, 148 p. :
_bill. ;
_c24 cm.
500 _aCover title: North Dakota, a chronology & document handbook.
504 _aBibliography: p. 145. and index.
520 _aA chronology of historical events of the state of North Dakota from 1450 to 1977 with a biographical directory of prominent citizens and copies of pertinent documents.
651 0 _aNorth Dakota
_xHistory
_xChronology.
_985127
651 0 _aNorth Dakota
_xBiography.
_985128
651 0 _aNorth Dakota
_xHistory
_xSources.
_985129
651 1 _aNorth Dakota
_xHistory.
_985130
700 1 _aVexler, Robert I.
_92173
740 _aNorth Dakota, a chronology & documentary handbook.
942 _2ddc
_cBK
999 _c27729
_d27729